[Event "4NCL Online Division 5"]
[Site "online"]
[Date "2020.04.07"]
[Round "1.12"]
[White "Slonczuk, Pawel"]
[Black "Buswell, A Mark"]
[Result "1/2-1/2"]
[WhiteElo "1660"]
[BlackElo "1810"]
[PlyCount "116"]
[EventDate "2020.04.07"]
[WhiteTeam "Wimbledon 3"]
[BlackTeam "Hertford"]

1. d4 Nf6 2. Nc3 d5 3. Bf4 a6 4. e3 Bf5 5. f3 e6 6. g4 Bg6 7. h4 h5 8. g5 Ng8
9. Bd3 Bxd3 10. cxd3 Bd6 11. Nge2 Ne7 12. e4 c6 13. Qd2 Ng6 14. Bxd6 Qxd6 15.
f4 Nd7 16. O-O-O O-O-O 17. Rdf1 Ne7 18. f5 dxe4 19. dxe4 exf5 20. exf5 Nd5 21.
Ne4 Qc7 22. Kb1 N7b6 23. Rc1 Rhe8 24. Nc5 Qe7 25. Ng3 g6 26. fxg6 fxg6 27. Rhe1
Qg7 28. Ne6 Rxe6 29. Rxe6 Nc7 30. Re4 Nb5 31. Ne2 Qf7 32. Qf4 Qd5 33. Nc3 Nxc3+
34. Rxc3 Na4 35. Rc1 Qb5 36. Qd2 Qf5 37. Rce1 Nc5 38. Qf4 Qxf4 39. Rxf4 Nd3 40.
Ref1 Nxf4 41. Rxf4 Kc7 42. Kc2 Rd6 43. Kd3 b6 44. b4 Re6 45. Kd2 Kd6 46. a4 Kd5
47. Kd3 Re1 48. Rf6 Rd1+ 49. Kc3 Rxd4 50. Rxg6 Rxh4 51. Rh6 Rh3+ 52. Kb2 c5 53.
g6 Kc4 54. bxc5 Rh2+ 55. Ka3 Rh3+ 56. Kb2 Rh2+ 57. Ka3 Rh3+ 58. Kb2 Rh2+
1/2-1/2

[Event "4NCL Online Division 5"]
[Site "online"]
[Date "2020.04.07"]
[Round "1.13"]
[White "Wooster, Nick"]
[Black "Selim, Omar"]
[Result "0-1"]
[WhiteElo "1690"]
[BlackElo "1262"]
[PlyCount "60"]
[EventDate "2020.04.07"]
[WhiteTeam "Hertford"]
[BlackTeam "Wimbledon 3"]

1. d4 d5 2. c4 e6 3. Nc3 Be7 4. Nf3 Nf6 5. Bg5 h6 6. Bxf6 Bxf6 7. e3 O-O 8. Bd3
dxc4 9. Bxc4 Nd7 10. Bb3 a6 11. Bc2 Re8 12. O-O b5 13. a3 Bb7 14. e4 e5 15. d5
Nf8 16. Qd2 Qd7 17. Rad1 Rad8 18. Qe2 Qc8 19. Rd2 c6 20. Rfd1 Rd6 21. dxc6 Rxd2
22. Rxd2 Bxc6 23. Nd5 Bxd5 24. Rxd5 Ng6 25. g3 Qg4 26. Bd1 Nf4 27. Qf1 Nxd5 28.
exd5 Qd7 29. Bb3 e4 30. Nd2 Bxb2 0-1

[Event "4NCL Online Division 5"]
[Site "online"]
[Date "2020.04.07"]
[Round "1.14"]
[White "Sood, Kamaljit"]
[Black "Rudd, David R"]
[Result "0-1"]
[WhiteElo "1090"]
[BlackElo "1712"]
[PlyCount "112"]
[EventDate "2020.04.07"]
[WhiteTeam "Wimbledon 3"]
[BlackTeam "Hertford"]

1. e4 Nf6 2. d4 Nxe4 3. Be3 d5 4. Nd2 Bf5 5. Ngf3 e6 6. a3 Bd6 7. c4 Nxd2 8.
Qxd2 dxc4 9. Bxc4 O-O 10. O-O Nd7 11. Rfe1 Nf6 12. Bg5 Be7 13. Rad1 c6 14. h3
Ne4 15. Bxe7 Nxd2 16. Bxd8 Nxf3+ 17. gxf3 Rfxd8 18. Bd3 Bxd3 19. Rxd3 Rd5 20.
Re5 Rad8 21. Rxd5 Rxd5 22. f4 g6 23. Kg2 b6 24. Kf3 Kf8 25. Ke3 Ke7 26. b4 Kd6
27. Rc3 Rh5 28. Kd2 Rh4 29. Rf3 Kd5 30. Kd3 f5 31. Kc3 c5 32. bxc5 bxc5 33.
dxc5 Kxc5 34. Kd3 Kd5 35. Ke3 e5 36. fxe5 Kxe5 37. Kd3 Kd5 38. Rg3 Ra4 39. Kc2
Re4 40. Rd3+ Ke6 41. Kd2 g5 42. Rd8 Ra4 43. Re8+ Kf7 44. Re3 h6 45. Re5 Kf6 46.
Re3 a5 47. Rc3 h5 48. Ke3 Re4+ 49. Kf3 g4+ 50. Kg2 Ra4 51. f3 Kg5 52. fxg4 hxg4
53. hxg4 Kxg4 54. Rg3+ Kf4 55. Rf3+ Ke4 56. Re3+ Kxe3 0-1

[Event "4NCL Online Division 5"]
[Site "online"]
[Date "2020.04.07"]
[Round "1.21"]
[White "Vig, Sanjay"]
[Black "Palmer, Alan H"]
[Result "0-1"]
[WhiteElo "1532"]
[BlackElo "1787"]
[PlyCount "74"]
[EventDate "2020.04.07"]
[WhiteTeam "Watford 3"]
[BlackTeam "Battersea Pawnbreakers"]

1. e4 c5 2. Nc3 e6 3. Bc4 a6 4. a4 Nc6 5. f4 d6 6. Nf3 Nf6 7. Bb3 Be7 8. O-O
O-O 9. d3 Bd7 10. Qe1 Na5 11. Ba2 Bc6 12. Qg3 b5 13. f5 exf5 14. Bh6 Ne8 15.
Ng5 c4 16. Rxf5 Bd7 17. Raf1 Bxf5 18. Rxf5 Bxg5 19. Rxg5 Qf6 20. Rh5 Qg6 21.
Qf3 Kh8 22. Be3 Rb8 23. Nd5 Nc6 24. Nf4 Qf6 25. Rf5 Qxb2 26. Qh3 Ne7 27. Rh5
Nf6 28. axb5 Nxh5 29. Nxh5 Qxa2 30. Bd4 Qb1+ 31. Kf2 Qxc2+ 32. Kg1 Qd1+ 33. Kf2
Qd2+ 34. Kf3 Qxd3+ 35. Be3 Rxb5 36. Nf4 Qf1+ 37. Kg3 Ng6 0-1

[Event "4NCL Online Division 5"]
[Site "online"]
[Date "2020.04.07"]
[Round "1.22"]
[White "Valentine, Tim"]
[Black "Tathare, Sandesh"]
[Result "1-0"]
[WhiteElo "1712"]
[BlackElo "1555"]
[PlyCount "85"]
[EventDate "2020.04.07"]
[WhiteTeam "Battersea Pawnbreakers"]
[BlackTeam "Watford 3"]

1. e4 d5 2. exd5 Nf6 3. Nf3 Nxd5 4. d4 Bg4 5. Be2 Nc6 6. c4 Nf6 7. O-O e6 8.
Be3 Bd6 9. Nc3 Qe7 10. c5 Bxf3 11. Bxf3 Bxh2+ 12. Kxh2 O-O-O 13. Qe2 h6 14. b4
g5 15. Bxc6 bxc6 16. Qa6+ Kd7 17. b5 Ke8 18. Qxc6+ Kf8 19. a4 Ng4+ 20. Kg1 h5
21. Ne4 f6 22. Rae1 h4 23. f3 Nh6 24. Kf2 Nf5 25. Rd1 Kg7 26. g4 Nh6 27. Kg2
Nf7 28. Kh3 Rd5 29. Nc3 Rdd8 30. Rfe1 f5 31. Bf2 Rh6 32. gxf5 e5 33. Qe4 g4+
34. Qxg4+ Kh8 35. Rg1 Rh7 36. dxe5 Nh6 37. Rxd8+ Qxd8 38. Qg6 Qf8 39. f6 Qc8+
40. Kh2 Nf5 41. f7 Ne7 42. Qf6+ Rg7 43. Qxg7# 1-0

[Event "4NCL Online Division 5"]
[Site "online"]
[Date "2020.04.07"]
[Round "1.23"]
[White "Hylands, Keith"]
[Black "Welch, Stephen T"]
[Result "1-0"]
[WhiteElo "1382"]
[BlackElo "1457"]
[PlyCount "57"]
[EventDate "2020.04.07"]
[WhiteTeam "Watford 3"]
[BlackTeam "Battersea Pawnbreakers"]

1. c4 f5 2. Nc3 Nf6 3. e3 e6 4. g3 Be7 5. Bg2 O-O 6. Nf3 Nc6 7. a3 b6 8. b3 Bb7
9. Bb2 Rb8 10. Rb1 d6 11. d3 Qe8 12. Ng5 Bd8 13. Nf3 e5 14. Nd2 f4 15. e4 Nd4
16. g4 Nd7 17. Nf3 Ne6 18. Kd2 c6 19. b4 Nf6 20. h3 Bc7 21. Rg1 d5 22. g5 Nxe4+
23. Nxe4 dxe4 24. Nxe5 Nxg5 25. Ng4 exd3 26. h4 Ne4+ 27. Bxe4 Qxe4 28. Nh6+ Kh8
29. Bxg7# 1-0

[Event "4NCL Online Division 5"]
[Site "online"]
[Date "2020.04.07"]
[Round "1.24"]
[White "Rebbeck, Christopher"]
[Black "Nokes, Oliver"]
[Result "0-1"]
[WhiteElo "1412"]
[BlackElo "1350"]
[PlyCount "88"]
[EventDate "2020.04.07"]
[WhiteTeam "Battersea Pawnbreakers"]
[BlackTeam "Watford 3"]

1. e4 e5 2. Nf3 Nc6 3. Bc4 Bc5 4. O-O Nf6 5. d3 O-O 6. c3 Bb6 7. Re1 h6 8. b4
d6 9. a4 a6 10. a5 Ba7 11. b5 axb5 12. Bxb5 Nxa5 13. Rxa5 Bxf2+ 14. Kxf2 Rxa5
15. Bc4 b5 16. Bb3 Be6 17. Bxe6 fxe6 18. Kg1 c5 19. d4 cxd4 20. cxd4 b4 21.
dxe5 dxe5 22. Qb3 Qb6+ 23. Be3 Qd6 24. Rd1 Qe7 25. Nbd2 Ng4 26. Nc4 Raa8 27.
Nfxe5 Nxe3 28. Qxe3 Qa7 29. Qxa7 Rxa7 30. Nc6 Rc7 31. N4e5 b3 32. Ng6 Rf6 33.
Nge7+ Kh7 34. h4 Rb7 35. Rb1 Rf4 36. h5 Rxe4 37. Ng6 b2 38. Na5 Rb5 39. Kh2 Ra4
40. Nf8+ Kg8 41. Nxe6 Ra1 42. Rxb2 Rxb2 43. Nc4 Re2 44. Nd8 Rc1 0-1

[Event "4NCL Online Division 5"]
[Site "online"]
[Date "2020.04.07"]
[Round "1.31"]
[White "Kerbel, Sasha"]
[Black "Pearson, Richard"]
[Result "1-0"]
[WhiteElo "1780"]
[BlackElo "1570"]
[PlyCount "99"]
[EventDate "2020.04.07"]
[WhiteTeam "Wigston 2"]
[BlackTeam "Broken Herts 1"]

1. e4 e5 2. Nf3 Nc6 3. Bc4 Bc5 4. c3 Qf6 5. d4 exd4 6. e5 Nxe5 7. Qe2 d6 8.
cxd4 Bb4+ 9. Nc3 Bg4 10. dxe5 dxe5 11. Qxe5+ Qxe5+ 12. Nxe5 Bxc3+ 13. bxc3 Be6
14. Bxe6 fxe6 15. Bf4 Nf6 16. Rb1 O-O-O 17. Nf7 Nd5 18. Bd2 b6 19. Nxh8 Rxh8
20. c4 Ne7 21. Bc3 Rg8 22. Ke2 Nf5 23. Rhd1 g6 24. Rd3 Nd6 25. Rd4 e5 26. Rh4
h5 27. Kd3 e4+ 28. Ke2 Re8 29. c5 bxc5 30. Rf4 c4 31. Rf6 Nf5 32. Rxg6 e3 33.
fxe3 Rxe3+ 34. Kd2 Rd3+ 35. Kc2 Ne3+ 36. Kb2 Nd1+ 37. Rxd1 Rxd1 38. Rg5 Rg1 39.
h4 Kb7 40. Rxh5 Rxg2+ 41. Ka3 c6 42. Rc5 Kb6 43. Rxc4 Kb5 44. Rb4+ Kc5 45. Kb3
a5 46. Ra4 Kb6 47. Rxa5 Rh2 48. Rh5 c5 49. a4 Rh3 50. Rh8 1-0

[Event "4NCL Online Division 5"]
[Site "online"]
[Date "2020.04.07"]
[Round "1.32"]
[White "Elder, Kidge"]
[Black "Pike, Andrew"]
[Result "1-0"]
[WhiteElo "1555"]
[BlackElo "1660"]
[PlyCount "135"]
[EventDate "2020.04.07"]
[WhiteTeam "Broken Herts 1"]
[BlackTeam "Wigston 2"]

1. d4 Nf6 2. e3 e6 3. Bd3 Be7 4. Nd2 d5 5. Ne2 Nbd7 6. O-O O-O 7. f4 c5 8. c3
c4 9. Bc2 b5 10. Nf3 Bb7 11. Ng3 Ne4 12. Nxe4 dxe4 13. Ne5 Nxe5 14. fxe5 f5 15.
exf6 Bxf6 16. Qg4 Qe7 17. Bxe4 Bd5 18. Bxd5 exd5 19. Bd2 Bg5 20. Rxf8+ Rxf8 21.
Re1 Qf6 22. Qe2 Qh6 23. g3 Re8 24. Qf3 Qe6 25. h4 Rf8 26. Qg2 Bh6 27. g4 g6 28.
g5 Bg7 29. e4 dxe4 30. Rxe4 Qf5 31. Re1 a5 32. Rf1 Qe6 33. Rxf8+ Bxf8 34. a3
Qf5 35. Be1 Qe6 36. Bg3 b4 37. axb4 axb4 38. Be5 bxc3 39. bxc3 Bd6 40. Bxd6
Qxd6 41. Qf3 Qe6 42. Kf2 Qd6 43. Ke3 Qe6+ 44. Kf4 Qf5+ 45. Kg3 Qe6 46. d5 Qd6+
47. Kg2 Qd8 48. Qe4 Qc7 49. Qe6+ Kf8 50. Qf6+ Kg8 51. Qe6+ Kf8 52. Qc6 Qe7 53.
Qxc4 Qe1 54. Qf4+ Kg7 55. Qf6+ Kg8 56. Qe6+ Qxe6 57. dxe6 Kf8 58. Kf3 Ke7 59.
Ke4 Kxe6 60. c4 Kd6 61. Kd4 Kc6 62. Ke5 Kc5 63. Kf6 Kxc4 64. Kg7 Kd4 65. Kxh7
Ke5 66. Kxg6 Ke6 67. h5 Ke7 68. Kg7 1-0

[Event "4NCL Online Division 5"]
[Site "online"]
[Date "2020.04.07"]
[Round "1.33"]
[White "Mottram, Paul"]
[Black "Mead-Herbert, Bradley"]
[Result "0-1"]
[WhiteElo "1570"]
[BlackElo "1555"]
[PlyCount "90"]
[EventDate "2020.04.07"]
[WhiteTeam "Wigston 2"]
[BlackTeam "Broken Herts 1"]

1. d4 e5 2. dxe5 Nc6 3. Nf3 Bc5 4. Bf4 Nge7 5. e3 O-O 6. Bd3 d6 7. Bxh7+ Kxh7
8. Ng5+ Kg8 9. Qh5 Bf5 10. e6 fxe6 11. e4 Bxe4 12. Nxe6 Bxf2+ 13. Kxf2 Rxf4+
14. Nxf4 Qf8 15. Qg4 Ne5 16. Qe6+ Kh8 17. g3 Bxh1 18. Qh3+ Kg8 19. Qe6+ Qf7 20.
Qxf7+ Kxf7 21. Nd2 Bc6 22. Re1 N7g6 23. Nh3 Ng4+ 24. Kg1 Kg8 25. Nb3 N6e5 26.
Ng5 Rf8 27. Rf1 Rxf1+ 28. Kxf1 Nxh2+ 29. Ke1 Nef3+ 30. Nxf3 Nxf3+ 31. Kf2 Ne5
32. Nd4 Kf7 33. Ke3 Kf6 34. c3 a6 35. b3 Bd7 36. c4 c5 37. Ne2 g5 38. Nc3 Bc6
39. Ne4+ Bxe4 40. Kxe4 Ke6 41. a3 b5 42. cxb5 axb5 43. Ke3 d5 44. a4 bxa4 45.
bxa4 Kd6 0-1

[Event "4NCL Online Division 5"]
[Site "online"]
[Date "2020.04.07"]
[Round "1.34"]
[White "Kapur, Gul"]
[Black "Milligan, Alex"]
[Result "0-1"]
[WhiteElo "1510"]
[BlackElo "1487"]
[PlyCount "64"]
[EventDate "2020.04.07"]
[WhiteTeam "Broken Herts 1"]
[BlackTeam "Wigston 2"]

1. d4 Nf6 2. c4 g6 3. Nc3 Bg7 4. Nf3 O-O 5. Bf4 d6 6. e3 Nbd7 7. Be2 a6 8. Rc1
Nh5 9. Bg3 Nxg3 10. hxg3 e5 11. d5 f5 12. Qd2 Nf6 13. b4 Ne4 14. Bd3 Nxd2 15.
Kxd2 e4 16. Nxe4 fxe4 17. Bxe4 Bf5 18. Bxf5 Rxf5 19. Ke2 Qd7 20. Rc2 Raf8 21.
Rd1 g5 22. Kf1 g4 23. Nh4 R5f6 24. Rdd2 Qa4 25. f4 gxf3 26. Nxf3 Rxf3+ 27. gxf3
Rxf3+ 28. Kg2 Rxe3 29. Rf2 Be5 30. Kh3 Rxg3+ 31. Kh4 Qe8 32. Rf5 Qg6 0-1

[Event "4NCL Online Division 5"]
[Site "online"]
[Date "2020.04.07"]
[Round "1.41"]
[White "Walker, Kate"]
[Black "Hilton, Tim"]
[Result "0-1"]
[WhiteElo "1705"]
[BlackElo "1885"]
[PlyCount "50"]
[EventDate "2020.04.07"]
[WhiteTeam "Shropshire 4"]
[BlackTeam "Bolton & Worsley"]

1. d4 f5 2. c4 e6 3. Nc3 Nf6 4. b3 Be7 5. Bb2 O-O 6. e3 b6 7. Bd3 Bb7 8. Nf3 d6
9. O-O Ne4 10. Qc2 Ng5 11. Nxg5 Bxg5 12. d5 Qe8 13. e4 f4 14. e5 Qh5 15. f3
dxe5 16. Nb5 Na6 17. Bxe5 Nb4 18. Qc3 Nxd3 19. Qxd3 Be7 20. Nxc7 Qxe5 21. Nxe6
Bc5+ 22. Kh1 Rf6 23. Rfe1 Qh5 24. Re4 Qxh2+ 25. Kxh2 Rh6# 0-1

[Event "4NCL Online Division 5"]
[Site "online"]
[Date "2020.04.07"]
[Round "1.42"]
[White "Doherty, Paul"]
[Black "Bonner, Dennis M"]
[Result "1-0"]
[WhiteElo "1738"]
[BlackElo "1540"]
[PlyCount "93"]
[EventDate "2020.04.07"]
[WhiteTeam "Bolton & Worsley"]
[BlackTeam "Shropshire 4"]

1. e4 c5 2. Nc3 d6 3. f4 e6 4. Nf3 Nf6 5. a3 a6 6. Bc4 b5 7. Ba2 Bb7 8. d3 Be7
9. O-O Nbd7 10. Qe1 Qc7 11. Bd2 Nb6 12. f5 e5 13. Ng5 c4 14. Rc1 h6 15. Qh4 Nh7
16. f6 Nxf6 17. Rf3 Rf8 18. Rcf1 hxg5 19. Bxg5 O-O-O 20. b3 Rh8 21. Qe1 Rh5 22.
Be3 Rdh8 23. h3 d5 24. bxc4 d4 25. cxb5 a5 26. Bxf7 dxe3 27. Bxh5 Rxh5 28. g4
Rh7 29. Ne2 Qd7 30. Qg3 Bd6 31. c4 Bc7 32. c5 Qxd3 33. Rxe3 Qd4 34. Nxd4 exd4
35. e5 dxe3 36. g5 Nc4 37. gxf6 gxf6 38. Qg8+ Bd8 39. Qxh7 e2 40. Re1 Nxe5 41.
Rxe2 Nf3+ 42. Kf2 Ne5 43. Qf5+ Kb8 44. Rxe5 fxe5 45. Qxe5+ Bc7 46. Qe8+ Bc8 47.
b6 1-0

[Event "4NCL Online Division 5"]
[Site "online"]
[Date "2020.04.07"]
[Round "1.43"]
[White "Birch, James"]
[Black "Lamb, Ian"]
[Result "0-1"]
[WhiteElo "1502"]
[BlackElo "1568"]
[PlyCount "71"]
[EventDate "2020.04.07"]
[WhiteTeam "Shropshire 4"]
[BlackTeam "Bolton & Worsley"]

1. Nf3 c5 2. d4 Nf6 3. c3 b6 4. Nbd2 Bb7 5. g3 g6 6. Bg2 Bg7 7. O-O O-O 8. Re1
d6 9. dxc5 bxc5 10. e4 e5 11. Nc4 d5 12. exd5 Bxd5 13. Ncxe5 Qb6 14. c4 Bb7 15.
Bg5 Nc6 16. Bxf6 Bxf6 17. Nd7 Qxb2 18. Rb1 Qc3 19. Nxf6+ Qxf6 20. Rxb7 Rad8 21.
Qa4 Ne7 22. Rbxe7 Kg7 23. Qxa7 Qc3 24. h4 h5 25. Ng5 Qf6 26. Ne6+ Kg8 27. Nxd8
Rxd8 28. Re8+ Rxe8 29. Rxe8+ Kg7 30. Qe7 Qa1+ 31. Kh2 Qf6 32. Rg8+ Kxg8 33.
Qxf6 Kf8 34. Bd5 Kg8 35. Bxf7+ Kh7 36. Qxg6+ 0-1

[Event "4NCL Online Division 5"]
[Site "online"]
[Date "2020.04.07"]
[Round "1.44"]
[White "Busznyak, Arpad"]
[Black "Holyhead, James"]
[Result "0-1"]
[WhiteElo "1570"]
[BlackElo "1330"]
[PlyCount "74"]
[EventDate "2020.04.07"]
[WhiteTeam "Bolton & Worsley"]
[BlackTeam "Shropshire 4"]

1. d4 e6 2. e4 d5 3. exd5 exd5 4. Nf3 Nf6 5. c4 Be7 6. Nc3 O-O 7. Be2 c6 8. c5
b6 9. b4 a5 10. Ba3 axb4 11. Bxb4 Na6 12. Bxa6 Bxa6 13. Ne2 Re8 14. Ne5 Qc7 15.
O-O bxc5 16. Bc3 Bxe2 17. Qxe2 cxd4 18. Bxd4 Bd6 19. f4 Nd7 20. Qh5 Nxe5 21.
fxe5 Bxe5 22. Bxe5 Rxe5 23. Qf3 Rae8 24. a4 g6 25. a5 Qa7+ 26. Kh1 Rf5 27. Qc3
Rxf1+ 28. Rxf1 c5 29. Qf6 d4 30. Qb6 Qxb6 31. axb6 Rb8 32. Rb1 d3 33. Kg1 c4
34. Kf1 c3 35. Ke1 c2 36. Rc1 Rxb6 37. Kd2 Rb1 0-1

[Event "4NCL Online Division 5"]
[Site "online"]
[Date "2020.04.07"]
[Round "1.51"]
[White "Marshall, John R"]
[Black "Morgan, Harry J"]
[Result "1-0"]
[WhiteElo "1652"]
[BlackElo "1727"]
[PlyCount "69"]
[EventDate "2020.04.07"]
[WhiteTeam "Temple Sutton"]
[BlackTeam "Streatham C"]

1. d4 d6 2. c4 Nf6 3. Nc3 g6 4. e4 Bg7 5. Bg5 h6 6. Bh4 O-O 7. Be2 b6 8. Nf3
Bb7 9. Qc2 Nbd7 10. O-O e5 11. dxe5 dxe5 12. Rad1 Re8 13. Nd5 g5 14. Bg3 Nh5
15. Ne3 Nf4 16. Nf5 Re6 17. b4 Qe8 18. Rd2 Nf6 19. Nxg7 Kxg7 20. Bxf4 Bxe4 21.
Qc3 exf4 22. Nd4 Re7 23. f3 Bg6 24. Bd3 Re3 25. Qc2 Bxd3 26. Rxd3 Re5 27. Rdd1
Qd7 28. b5 Kg8 29. Nc6 Qf5 30. Qxf5 Rxf5 31. Ne7+ Kh7 32. Nxf5 Kg6 33. Ne7+ Kg7
34. Nd5 Nd7 35. Nxc7 1-0

[Event "4NCL Online Division 5"]
[Site "online"]
[Date "2020.04.07"]
[Round "1.52"]
[White "Yordanov, Denislav"]
[Black "Pool, Melvin R"]
[Result "1-0"]
[WhiteElo "1412"]
[BlackElo "1585"]
[PlyCount "159"]
[EventDate "2020.04.07"]
[WhiteTeam "Streatham C"]
[BlackTeam "Temple Sutton"]

1. d4 e5 2. dxe5 Nc6 3. Nf3 Qe7 4. Bf4 Qb4+ 5. Bd2 Qxb2 6. Bc3 Bb4 7. Bxb4 Nxb4
8. Na3 Qxa3 9. Rb1 Qc3+ 10. Qd2 Qxd2+ 11. Nxd2 Nxc2+ 12. Kd1 Nd4 13. e3 Ne6 14.
g3 Ne7 15. Bg2 c6 16. f4 O-O 17. Ke2 Nc7 18. Ne4 Ncd5 19. Kf2 Nf5 20. Rhe1 b6
21. Rbd1 f6 22. Rxd5 cxd5 23. Nxf6+ Kh8 24. Bxd5 Rb8 25. Ne4 Bb7 26. Rd1 Bxd5
27. Rxd5 Rb7 28. Ke2 Rc7 29. g4 Ne7 30. Rd6 h6 31. a4 Rfc8 32. Kf3 Rc6 33. Rxd7
R6c7 34. Rd4 Nc6 35. Rd2 Rd8 36. Nd6 g5 37. Kg3 gxf4+ 38. exf4 Kh7 39. Rc2 a6
40. Kh4 Rdd7 41. Ne8 Nxe5 42. Rxc7 Ng6+ 43. Kg3 Rxc7 44. Nxc7 b5 45. axb5 a5
46. b6 Ne7 47. b7 Nc6 48. f5 a4 49. Nb5 Kg7 50. Kf4 Kf6 51. h4 Ke7 52. g5 hxg5+
53. hxg5 Nb8 54. Ke5 Nd7+ 55. Kf4 Nb8 56. f6+ Ke6 57. Kg4 Nd7 58. Kh5 Kf7 59.
Kh6 Kg8 60. g6 a3 61. Nxa3 Kh8 62. g7+ Kg8 63. f7+ Kxf7 64. Kh7 Nf6+ 65. Kh8
Ne8 66. g8=Q+ Ke7 67. b8=Q Nf6 68. Qge8+ Nxe8 69. Qe5+ Kf7 70. Nc4 Nf6 71. Nd6+
Kg6 72. Qf5+ Kh6 73. Qxf6+ Kh5 74. Qg7 Kh4 75. Qg6 Kh3 76. Qg5 Kh2 77. Qg4 Kh1
78. Ne4 Kh2 79. Qg3+ Kh1 80. Nf2# 1-0

[Event "4NCL Online Division 5"]
[Site "online"]
[Date "2020.04.07"]
[Round "1.53"]
[White "Perks, Gary M"]
[Black "Isaacs, Ruairi"]
[Result "1/2-1/2"]
[WhiteElo "1577"]
[BlackElo "1360"]
[PlyCount "111"]
[EventDate "2020.04.07"]
[WhiteTeam "Temple Sutton"]
[BlackTeam "Streatham C"]

1. d4 c5 2. c3 cxd4 3. cxd4 Nc6 4. Nf3 e6 5. Bf4 Be7 6. e3 Nf6 7. h3 b6 8. Be2
Bb7 9. O-O Rc8 10. Nbd2 O-O 11. a4 Nh5 12. Bh2 Nf6 13. Rb1 d6 14. b4 Re8 15. b5
Nb8 16. Nb3 Nbd7 17. Ra1 Nd5 18. Qd2 Nc3 19. Rfc1 Nxe2+ 20. Qxe2 Nf6 21. a5 Bd5
22. Qd3 Bxb3 23. Qxb3 bxa5 24. Qa4 Rxc1+ 25. Rxc1 Nd5 26. Ra1 Nc3 27. Qxa5 Qxa5
28. Rxa5 Bd8 29. Rxa7 Nxb5 30. Rb7 Nc3 31. Bxd6 Ne4 32. Bc5 Nxc5 33. dxc5 Re7
34. Rb8 Re8 35. c6 Kf8 36. Ne5 Bc7 37. Nd7+ Ke7 38. Rxe8+ Kxe8 39. f4 f6 40. g3
Ke7 41. Kf2 h6 42. Kf3 Kd6 43. Ke4 Kxc6 44. Nf8 Kd6 45. f5 exf5+ 46. Kxf5 Kd5
47. g4 Be5 48. Nh7 Bg3 49. Kg6 Ke4 50. Kxg7 Kxe3 51. Kxf6 Kf3 52. Kg6 Bf4 53.
Nf6 Kg3 54. Nh5+ Kxh3 55. Nxf4+ Kxg4 56. Kxh6 1/2-1/2

[Event "4NCL Online Division 5"]
[Site "online"]
[Date "2020.04.07"]
[Round "1.54"]
[White "Adatia, Amar"]
[Black "Carr, Ashley"]
[Result "0-1"]
[WhiteElo "1247"]
[BlackElo "1577"]
[PlyCount "70"]
[EventDate "2020.04.07"]
[WhiteTeam "Streatham C"]
[BlackTeam "Temple Sutton"]

1. e4 e5 2. Nf3 Nc6 3. d4 exd4 4. Nxd4 Nge7 5. c4 Nxd4 6. Qxd4 Nc6 7. Qd3 a6 8.
Nc3 h6 9. Be2 Bc5 10. O-O d6 11. a3 Be6 12. b4 Ba7 13. Nd5 O-O 14. Be3 Re8 15.
Rfd1 Ne5 16. Qc3 Nc6 17. Rac1 Bxe3 18. fxe3 Ne5 19. Rf1 Rf8 20. c5 Rc8 21. Nf4
Qg5 22. Nxe6 fxe6 23. Rxf8+ Rxf8 24. cxd6 cxd6 25. g3 Qf6 26. Rf1 Nf3+ 27. Bxf3
Qxc3 28. Be2 Qxe3+ 29. Kg2 Qxe2+ 30. Kh3 Qxf1+ 31. Kh4 g5+ 32. Kh5 Rf6 33. h4
Qf3+ 34. g4 Qh3 35. e5 Qxh4# 0-1

[Event "4NCL Online Division 5"]
[Site "online"]
[Date "2020.04.07"]
[Round "1.61"]
[White "Henderson, Jason"]
[Black "Brennan, Oliver"]
[Result "1-0"]
[WhiteElo "1705"]
[BlackElo "1712"]
[PlyCount "75"]
[EventDate "2020.04.07"]
[WhiteTeam "East Cornwall Clowns"]
[BlackTeam "Darnall & Handsworth"]

1. d4 Nf6 2. c4 g6 3. Nc3 Bg7 4. Nf3 d6 5. Bg5 h6 6. Bxf6 exf6 7. e3 O-O 8. Be2
c5 9. O-O Re8 10. Qc2 f5 11. Rad1 Qa5 12. Rfe1 Nc6 13. a3 a6 14. Bf1 f4 15. d5
Ne5 16. Nxe5 Bxe5 17. exf4 Bf5 18. Bd3 Bxd3 19. Qxd3 Bxf4 20. Ne4 Kf8 21. Re2
Re7 22. g3 Be5 23. Rde1 Rae8 24. Qd1 Bxb2 25. Nxd6 Qxe1+ 26. Qxe1 Rxe2 27. Qa5
Bd4 28. Nxe8 Rxf2 29. Nc7 g5 30. Kh1 g4 31. Qe1 Ra2 32. Qe8+ Kg7 33. h4 Ra1+
34. Kh2 Bg1+ 35. Kg2 Bd4 36. Qd7 Rg1+ 37. Kh2 Re1 38. Qxg4+ 1-0

[Event "4NCL Online Division 5"]
[Site "online"]
[Date "2020.04.07"]
[Round "1.62"]
[White "Chatterton, Craig"]
[Black "Pearce, Stephen"]
[Result "1-0"]
[WhiteElo "1622"]
[BlackElo "1577"]
[PlyCount "81"]
[EventDate "2020.04.07"]
[WhiteTeam "Darnall & Handsworth"]
[BlackTeam "East Cornwall Clowns"]

1. d4 Nf6 2. Bf4 d5 3. e3 a6 4. Nd2 e6 5. Ngf3 c5 6. c3 Nc6 7. Bd3 cxd4 8. exd4
h6 9. Ne5 Bd6 10. O-O Qc7 11. Re1 O-O 12. Qf3 Ne7 13. Rac1 b5 14. a3 Qd8 15.
Nf1 g5 16. Bxg5 hxg5 17. Qxf6 Bxe5 18. Rxe5 Nf5 19. Qxd8 Rxd8 20. Bxf5 exf5 21.
Ng3 f6 22. Re7 Bd7 23. Rce1 Re8 24. Rxe8+ Rxe8 25. Rxe8+ Bxe8 26. Nxf5 Bd7 27.
Ne7+ Kf7 28. Nxd5 Ke6 29. Ne3 Bc6 30. g3 Be4 31. Kf1 f5 32. f4 gxf4 33. gxf4
Kd6 34. Ke2 Kc6 35. h4 Kd6 36. b3 Ke6 37. c4 bxc4 38. bxc4 Kd6 39. Kd2 Kc6 40.
Kc3 a5 41. h5 1-0

[Event "4NCL Online Division 5"]
[Site "online"]
[Date "2020.04.07"]
[Round "1.63"]
[White "Reid, Mark"]
[Black "Black, Robert"]
[Result "0-1"]
[WhiteElo "1420"]
[BlackElo "1577"]
[PlyCount "54"]
[EventDate "2020.04.07"]
[WhiteTeam "East Cornwall Clowns"]
[BlackTeam "Darnall & Handsworth"]

1. d4 Nf6 2. c4 g6 3. Nc3 Bg7 4. e4 d6 5. Nf3 O-O 6. Be2 e5 7. dxe5 dxe5 8.
Qxd8 Rxd8 9. Bg5 Re8 10. O-O c6 11. Rad1 h6 12. Bc1 Na6 13. Rd6 Nc5 14. Bd3
Nxd3 15. Rxd3 Be6 16. b3 Red8 17. Rfd1 Rxd3 18. Rxd3 Bg4 19. Nxe5 Re8 20. Nxg4
Nxg4 21. f3 Ne5 22. Re3 g5 23. Na4 b6 24. Nb2 Rd8 25. Re1 Nd3 26. Rd1 Bd4+ 27.
Kf1 Nxc1 0-1

[Event "4NCL Online Division 5"]
[Site "online"]
[Date "2020.04.07"]
[Round "1.64"]
[White "Feather, Harry"]
[Black "Knight, Steven"]
[Result "1-0"]
[WhiteElo "1562"]
[BlackElo "1427"]
[PlyCount "93"]
[EventDate "2020.04.07"]
[WhiteTeam "Darnall & Handsworth"]
[BlackTeam "East Cornwall Clowns"]

1. d4 d5 2. c4 Nf6 3. Nc3 b6 4. g3 Bb7 5. Bg2 e6 6. Bg5 g6 7. e3 Bg7 8. cxd5
Qd6 9. e4 e5 10. dxe5 Qxe5 11. Bf4 Qe7 12. Nge2 O-O 13. O-O Nh5 14. Be3 Nd7 15.
Rc1 Rac8 16. Qd2 Rfe8 17. Nb5 a6 18. Na7 Ra8 19. Nc6 Qd6 20. Rc2 Ne5 21. Ned4
Nf6 22. f3 b5 23. b3 Rac8 24. Nxe5 Qxe5 25. Bf4 Qe7 26. Rfc1 c5 27. dxc6 Ba8
28. Bh3 Nh5 29. Be3 Rc7 30. Qf2 Qd6 31. Rd2 Bxd4 32. Rxd4 Qf6 33. Bd7 Rd8 34.
Kg2 Qe7 35. Rd5 Rdxd7 36. Rxd7 Rxd7 37. cxd7 Qxd7 38. Qc2 Kg7 39. Qc8 Qxc8 40.
Rxc8 Bb7 41. Rc7 Bxe4 42. fxe4 Nf6 43. Bd4 h5 44. Bxf6+ Kxf6 45. Kf3 Ke6 46.
Rc6+ Kd7 47. Rxa6 1-0

[Event "4NCL Online Division 5"]
[Site "online"]
[Date "2020.04.07"]
[Round "1.71"]
[White "Huseletov, Stanislav"]
[Black "Freund, Michael P"]
[Result "1-0"]
[WhiteElo "1810"]
[BlackElo "1770"]
[PlyCount "93"]
[EventDate "2020.04.07"]
[WhiteTeam "Nottingham University 2"]
[BlackTeam "Sheffield Deaf"]

1. d4 e6 2. c4 d5 3. Bf4 c6 4. e3 Bd6 5. Bxd6 Qxd6 6. Nf3 Nd7 7. Nc3 Ngf6 8.
Be2 O-O 9. O-O h6 10. Nd2 b6 11. Bf3 Bb7 12. e4 Nxe4 13. Ndxe4 dxe4 14. Nxe4
Qc7 15. b4 Rad8 16. Qc2 e5 17. Rfd1 exd4 18. Rxd4 Ne5 19. Rxd8 Rxd8 20. Rd1
Rxd1+ 21. Bxd1 Qd7 22. Qd2 Qxd2 23. Nxd2 Kf8 24. Be2 Ke7 25. f4 Nd7 26. Bf3 Nf6
27. Kf2 Kd6 28. Ke3 Bc8 29. c5+ Kc7 30. Kd4 Be6 31. a4 Nd5 32. Bxd5 Bxd5 33. g3
Kd7 34. Nc4 bxc5+ 35. Kxc5 Bxc4 36. Kxc4 Kd6 37. Kd4 f6 38. Ke4 g6 39. g4 Ke6
40. h4 f5+ 41. gxf5+ gxf5+ 42. Kd4 Kd6 43. Kc4 a6 44. Kd4 h5 45. Kc4 Kd7 46.
Kc5 Kc7 47. a5 1-0